| Tag |
First Indicator |
Second Indicator |
Subfields |
| LEADER |
00000cam a2200000 a 4500 |
| 001 |
in00000032189 |
| 005 |
20151007060424.0 |
| 008 |
871102s1988 ne a b 10010 eng |
| 010 |
|
|
|a 87030607
|
| 020 |
|
|
|a 0444703543 (U.S.)
|
| 035 |
|
|
|a (OCoLC)17105803
|
| 035 |
|
|
|9 AAC0810AM
|
| 040 |
|
|
|a DLC
|c DLC
|d TXA
|d UtOrBLW
|
| 049 |
|
|
|a TXAM
|c [A11508343]
|
| 050 |
0 |
0 |
|a LB1028.43
|b .I33 1987
|
| 082 |
0 |
|
|a 371.3/9445
|2 19
|
| 111 |
2 |
|
|a IFIP TC 3 Working Conference on Artificial Intelligence Tools in Education
|d (1987 :
|c Frascati, Italy)
|
| 245 |
1 |
0 |
|a Artificial intelligence tools in education :
|b proceedings of the IFIP TC 3 Working Conference on Artificial Intelligence Tools in Education, Frascati, Italy, 26-28 May 1987 /
|c edited by Paolo Ercoli, Robert Lewis.
|
| 264 |
|
1 |
|a Amsterdam ;
|a New York :
|b North-Holland ;
|c 1988.
|
| 264 |
|
2 |
|a New York, N.Y., U.S.A. :
|b Sole distributors for the U.S.A. and Canada, Elsevier Science Pub. Co.,
|
| 300 |
|
|
|a viii, 236 pages :
|b illustrations ;
|c 24 cm.
|
| 336 |
|
|
|a text
|b txt
|2 rdacontent
|
| 337 |
|
|
|a unmediated
|b n
|2 rdamedia
|
| 338 |
|
|
|a volume
|b nc
|2 rdacarrier
|
| 504 |
|
|
|a Includes bibliographies.
|
| 650 |
|
0 |
|a Artificial intelligence
|x Educational applications
|x Congresses.
|
| 650 |
|
0 |
|a Intelligent tutoring systems
|v Congresses.
|
| 650 |
|
0 |
|a Computer-assisted instruction
|v Congresses.
|
| 700 |
1 |
|
|a Ercoli, Paolo.
|
| 700 |
1 |
|
|a Lewis, R.
|q (Robert),
|d 1940-
|
| 710 |
2 |
|
|a IFIP Technical Committee 3, Education.
|
| 999 |
|
|
|a MARS
|
| 999 |
f |
f |
|s d7564b21-d781-3953-b138-5f225dbb7bbd
|i 84da5972-43ad-370e-a763-0e0aa38d2490
|t 0
|
| 952 |
f |
f |
|p ric
|a Texas A&M University
|b Rellis Campus
|c Joint Library Facility
|d Remote Storage
|t 0
|e LB1028.43 .I33 1987
|h Library of Congress classification
|i unmediated -- volume
|m A14811508343
|
| 998 |
f |
f |
|a LB1028.43 .I33 1987
|t 0
|l Remote Storage
|